|
|
|
|
| LEADER |
00000nab a2200000uu 4500 |
| 001 |
vtls011444403 |
| 003 |
SK-MaSNL |
| 005 |
20260303235334.0 |
| 008 |
230313|1989 xo |||||||||||||||||slo| |
| 015 |
|
|
|a SNBRB
|
| 035 |
|
|
|a (urnnbn)urn:nbn:sk:snk:ar-003cs7
|
| 035 |
|
|
|a (uuid)9a91ae4f-00c4-47cc-8368-b5593065af3c
|
| 035 |
|
|
|a urn:nbn:sk:snk-abchyy
|
| 040 |
|
|
|a SNKBUCL
|b slo
|c SNKBUCL
|e AACR2
|
| 041 |
0 |
|
|a slo
|
| 044 |
|
|
|a xo
|c SK
|
| 100 |
1 |
|
|a Sloboda, Rudolf,
|d 1938-1995
|4 aut
|9 101482
|
| 245 |
1 |
0 |
|a Druhá vstupná báseň
|c Rudolf Sloboda
|
| 773 |
0 |
|
|t Romboid
|g Roč. 24, č. 9 (1989), s. 14-15
|
| 958 |
|
|
|a OND
|
| 958 |
|
|
|a EUIPO
|
| 958 |
|
|
|a article16
|
| 999 |
|
|
|c 2525270
|d 2527200
|